Detroit Tigers All-Time Team - Statistics

General Stats
  • This quiz has been taken 61 times
  • The average score is 5 of 10
Answer Stats
Nickname Player % Correct
First Base Miguel Cabrera
93%
Shortstop Alan Trammell
78%
Starting Pitcher Justin Verlander
73%
Center Field Ty Cobb
71%
Right Field Al Kaline
68%
Second Base Charlie Gehringer
41%
Relief Pitcher Willie Hernandez
37%
Catcher Bill Freehan
32%
Third Base George Kell
15%
Left Field Norm Cash
7%
No matching quizzes found
Score Distribution
Percent of People with Each Score
Percentile by Number Answered
Your Score History
You have not taken this quiz